00574 a2200169 4500035001200000260000900012700003000021650001100051650001400062650002400076650002300100650002500123650002300148100001800171300001100189245020400200 aN° 704 c1997 aAyivi, B. ; Toukourou, R. aENFANT aNUTRITION aNUTRITION INFANTILE aREGIME ALIMENTAIRE aHABITUDE ALIMENTAIRE aTROUBLES NUTRITION aDjekadoum, N. a102 p. aInfluence des interdits alimentaires sur le statut nutritionnel des enfants de moins de 5 ans et de leurs mères : comparaison de 206 enfants saints et de 206 enfants malnutris de la ville d'Abomey